| 000 | 00994nam0a22002651 4500 | ||
|---|---|---|---|
| 001 | rc\411406 | ||
| 005 | 20030616170104.0 | ||
| 035 | _a(NLR Aleph) 005659317 | ||
| 090 |
_a6855914 _c6855914 |
||
| 100 | _a20030616d1987 u |0rusy50 ca | ||
| 101 | 0 | _arus | |
| 102 | _aRU | ||
| 105 | _aa ||||||||| | ||
| 200 | 1 |
_aАналитическое использование спектроскопии низкоэнергетического ү-излучения захвата тепловых нейтронов _fГ.А. Арипов, Б.И. Курбанов, А. Мамуров |
|
| 210 |
_aТашкент _cИЯФ _d1987 |
||
| 215 |
_a15 с., включ. обл. _cил. _d20 |
||
| 225 | 1 |
_aПрепринт _fАН УзССР, Ин-т ядер. физики _vР-3-314 |
|
| 700 | 1 |
_aАрипов _bГ. А. |
|
| 701 | 1 |
_aКурбанов _bБ. И. |
|
| 701 | 1 |
_aМамуров _bА. |
|
| 801 | 0 |
_aRU _bNLR _gpsbo |
|
| 801 | 1 |
_aRU _bELAR _2rusmarc |
|
| 852 |
_aNLR _j88-4/25068 |
||
| 942 | _cBOOK | ||
| 980 | _aNB | ||